01612nam a2200289 a 450000100100000000500170001000800410002704000250006808200190009311001150011224500370022726000680026430000200033249000190035250000420037160000920041365000660050565000590057165000200063083000260065095201310067695201310080795201310093895201160106995201220118599900150130700000583520260205083649.0090824s1981 dr 000 0 spa d aDO-SdBNPbspacBNPHU a346.043bR426c1 aRepública DominicanabInstituto de Capacitación Tributaria de la Secretaría de Estado de Finanzas91648010aCatastro Nacional :bbase legal. aSanto Domingo :bInstituto de Capacitación Tributaria,c1981. a59 p. ;c21 cm.1 aLegislativav1 aIncluye notas al pie de las páginas04aREPÚBLICA DOMINICANA. DIRECCIÓN GENERAL DEL CATASTRO NACIONALxLEGISLACIÓN916481 4aBienes raíceszRepública DominicanaxLegislación916482 4aRegistro de la propiedadzRepública Dominicana98463 0aCatastro916483 0aLegislativan1916484 001054708DSaGRbGRcCTd2011-03-31iLF1l0o346.043 R426cp5835-30r2020-06-25te. 3w2020-06-25yLFDSZPréstamo en sala 001054708DSaGRbGRcCTd2011-03-31iLF1l0o346.043 R426cp5835-40r2020-06-25te. 4w2020-06-25yLFDSZPréstamo en sala 001054708DSaGRbGRcCTd2011-03-31iLF1l0o346.043 R426cp5835-50r2020-06-25te. 5w2020-06-25yLFDSZPréstamo en sala 0010718PDaPDbPDcCTd2009-08-24iLF1l0o346.043 R426cp5835-10r2020-06-25w2020-06-25yLFPDZNo se presta 0010718PDaPDbPDcCTd2011-03-31iLF1l0o346.043 R426cp5835-20r2020-06-25te. 2w2020-06-25yLFPDZNo se presta c5631d5631